[Event "Lucky op 2nd"]
[Site "Hamburg"]
[Date "1999.10.20"]
[Round "7"]
[White "Rolf, Christoph"]
[Black "Johnert, Alexandra"]
[Result "1-0"]
[WhiteElo "1067"]
[BlackElo "820"]
[PlyCount "91"]
[EventDate "1999.10.??"]
[EventType "swiss"]
[EventRounds "9"]
[EventCountry "GER"]
[SourceTitle "EXT 2001"]
[Source "ChessBase"]
[SourceDate "2000.11.22"]
[SourceVersion "1"]
[SourceVersionDate "2000.11.22"]
[SourceQuality "1"]

1. e4 e5 2. Nf3 Nc6 3. Bc4 Bc5 4. 0-0 Nf6 5. Nc3 d6 6. h3 Be6 7. Bxe6 fxe6 8. Ng5 Qe7 9. d3 d5 10. Nb5 a6 11. Nc3 d4 12. Ne2 h6 13. Nf3 0-0-0 14. Ng3 g5 15. Nh2 Rdg8 16. Nh5 Qf7 17. Nxf6 Qxf6 18. Bd2 Rg6 19. a3 Qg7 20. Rb1 h5 21. g3 g4 22. h4 Be7 23. Be1 Nd8 24. b4 Nf7 25. a4 Ng5 26. hxg5 Rxg5 27. c4 h4 28. b5 hxg3 29. fxg3 Qh7 30. Rb2 Ba3 31. Ra2 Rh5 32. Rff2 Be7 33. a5 Rh3 34. Rg2 Bg5 35. Qe2 Be3+ 36. Kh1 Rf8 37. Bd2 Rf3 38. Bxe3 Rxe3 39. Qxg4 Qh6 40. Raf2 Re1+ 41. Rg1 Rxg1+ 42. Kxg1 Qc1+ 43. Kg2 Rh6 44. Qg8+ Kd7 45. Rf7+ Kd6 46. Qf8# 1-0

[Event "Lucky op 2nd"]
[Site "Hamburg"]
[Date "1999.10.17"]
[Round "4"]
[White "Rolf, Christoph"]
[Black "Ellermann, Fabian"]
[Result "1-0"]
[WhiteElo "1067"]
[BlackElo "800"]
[PlyCount "130"]
[EventDate "1999.10.??"]
[EventType "swiss"]
[EventRounds "9"]
[EventCountry "GER"]
[SourceTitle "EXT 2001"]
[Source "ChessBase"]
[SourceDate "2000.11.22"]
[SourceVersion "1"]
[SourceVersionDate "2000.11.22"]
[SourceQuality "1"]

1. e4 c6 2. d4 d5 3. e5 Bf5 4. Nf3 e6 5. Be2 Nd7 6. 0-0 Ne7 7. Bg5 f6 8. Bh4 fxe5 9. Nxe5 Nxe5 10. dxe5 Qc7 11. Bg3 Ng6 12. Bh5 0-0-0 13. c3 Nxe5 14. Re1 Bd6 15. Qd4 g6 16. Bxg6 hxg6 17. Bxe5 Bxe5 18. Qxe5 Qxe5 19. Rxe5 Kd7 20. Nd2 Rh7 21. Nf3 Bg4 22. Re3 Ke7 23. Ne5 Bf5 24. Nf3 Rdh8 25. h3 Kf6 26. Nd4 g5 27. Nxf5 Kxf5 28. Rf3+ Ke5 29. Re1+ Kd6 30. Rg3 Rg7 31. Rg4 Rh4 32. Rxh4 gxh4 33. Kh2 e5 34. Re3 d4 35. Rd3 Kc5 36. b3 Re7 37. Kg1 dxc3 38. Rxc3+ Kb4 39. Rc4+ Kb5 40. Rxh4 e4 41. Kf1 Kb4 42. Ke2 Ka3 43. Ke3 Kxa2 44. Rxe4 Rxe4+ 45. Kxe4 Kxb3 46. g4 a5 47. g5 a4 48. g6 a3 49. g7 a2 50. g8Q+ Kb2 51. Qg7+ Kb1 52. Qg1+ Kb2 53. h4 a1Q 54. Qxa1+ Kxa1 55. h5 b5 56. h6 b4 57. h7 b3 58. h8Q+ b2 59. f4 Ka2 60. Qh2 Ka1 61. Qxb2+ Kxb2 62. Kd4 Kb3 63. Kc5 Kc3 64. f5 Kd3 65. f6 Ke4 1-0

[Event "Lucky op 2nd"]
[Site "Hamburg"]
[Date "1999.10.16"]
[Round "2"]
[White "Rolf, Christoph"]
[Black "Raedisch, Peter"]
[Result "0-1"]
[WhiteElo "1067"]
[BlackElo "1659"]
[PlyCount "90"]
[EventDate "1999.10.??"]
[EventType "swiss"]
[EventRounds "9"]
[EventCountry "GER"]
[SourceTitle "EXT 2001"]
[Source "ChessBase"]
[SourceDate "2000.11.22"]
[SourceVersion "1"]
[SourceVersionDate "2000.11.22"]
[SourceQuality "1"]

1. e4 e5 2. Nf3 Nc6 3. Bc4 Nf6 4. Nc3 Bc5 5. 0-0 a6 6. a4 d6 7. h3 h6 8. d3 g5 9. Nxg5 hxg5 10. Bxg5 Be6 11. Qf3 Nd4 12. Qxf6 Qxf6 13. Bxf6 Rh6 14. Bxe6 fxe6 15. Bg5 Rg6 16. h4 Nxc2 17. Rad1 Kd7 18. Rd2 Nd4 19. Ne2 Nb3 20. Rc2 Rf8 21. Nc1 Nd4 22. Rd2 Rf7 23. Kh2 Rg8 24. f3 Rh7 25. Kg3 Rf7 26. f4 a5 27. Ne2 Bb4 28. Nxd4 Bxd2 29. Ne2 c6 30. Kg4 exf4 31. Rf3 e5 32. g3 Ke6 33. gxf4 exf4 34. Nd4+ Ke5 35. Nf5 Rh7 36. Rf2 Be3 37. Rf3 Bc1 38. b3 d5 39. Rf1 Be3 40. Rf3 dxe4 41. Nxe3 exf3 42. Nc4+ Kd4 43. Kxf3 Rf8 44. Nb2 b5 45. axb5 cxb5 0-1